Numerické metódy odhadu pravdepodobnosti krachu poisťovne dizertačná práca
Salvato in:
| Autore principale: | |
|---|---|
| Ente Autore: | |
| Altri autori: | |
| Natura: | Libro |
| Lingua: | slovacco |
| Pubblicazione: |
Bratislava
2006
|
| Soggetti: | |
| Tags: |
Nessun Tag, puoi essere il primo ad aggiungerne!!
|
MARC
| LEADER | 00000nam$a2200000$$$4500 | ||
|---|---|---|---|
| 001 | 0047167 | ||
| 005 | 20240502071539.0 | ||
| 041 | 0 | |a slo | |
| 044 | |a SK | ||
| 245 | 1 | 0 | |a Numerické metódy odhadu pravdepodobnosti krachu poisťovne |b dizertačná práca |c Anna Strešňáková ; škol. Vladimír Huťka |
| 264 | 1 | |a Bratislava |c 2006 | |
| 300 | |a 130 s. | ||
| 610 | 2 | 0 | |a pravdepodobnosť |
| 610 | 2 | 0 | |a metódy matematické |
| 610 | 2 | 0 | |a poisťovne |
| 610 | 2 | 0 | |a štatistika matematická |
| 100 | 1 | |a Strešňáková, Anna, 1976- | |
| 700 | 1 | |a Huťka, Vladimír | |
| 710 | 2 | |a Fakulta hospodárskej informatiky EU. Katedra matematiky | |